[Event "Warsaw Najdorf Memorial op-B"]
[Site "Warsaw"]
[Date "2021.07.10"]
[Round "1"]
[White "Krygiel, Konrad"]
[Black "Spoczynski, Marcin"]
[Result "1-0"]
[WhiteElo "1694"]
[BlackElo "1212"]
[PlyCount "69"]
[EventDate "2021.07.10"]
[EventType "swiss"]
[EventRounds "9"]
[EventCountry "POL"]
[SourceTitle "EXT 2022"]
[Source "ChessBase"]
[SourceDate "2021.10.06"]
[SourceVersion "1"]
[SourceVersionDate "2021.10.06"]
[SourceQuality "1"]

1. e4 c5 2. Nf3 Nc6 3. Bb5 g6 4. c3 d5 5. d4 e6 6. e5 Bd7 7. Bxc6 Bxc6 8. 0-0 Qc7 9. Re1 b6 10. Bd2 Bg7 11. Na3 Ne7 12. Nc2 0-0 13. Qc1 Nf5 14. Ne3 Nxe3 15. Bxe3 c4 16. Bh6 Rae8 17. Bxg7 Kxg7 18. Qf4 Qe7 19. Re3 f6 20. exf6+ Rxf6 21. Qg3 Bd7 22. Rae1 Bc8 23. Ne5 Rf5 24. Nf3 Qf6 25. Re5 Rxe5 26. Nxe5 Qe7 27. Ng4 Rf8 28. Qe5+ Kf7 29. Ne3 Bb7 30. Ng4 Ke8 31. Qxe6 Qxe6 32. Rxe6+ Kd7 33. Rf6 Re8 34. Ne5+ Ke7 35. Rf7+ 1-0